BIBLIOTECA

SENCICO

Formulario Técnico de Geodesia y Topografía con problemas resueltos 1 (Registro nro. 590)

Detalles MARC
000 -LEADER
fixed length control field 00909nam a2200313Ia 4500
005 - DATE AND TIME OF LATEST TRANSACTION
control field 20251020182442.0
008 - FIXED-LENGTH DATA ELEMENTS--GENERAL INFORMATION
fixed length control field 200515s9999 xx 000 0 und d
020 ## - INTERNATIONAL STANDARD BOOK NUMBER
International Standard Book Number 84-95279-92-4
082 ## - DEWEY DECIMAL CLASSIFICATION NUMBER
Classification number 528.86/M26
100 ## - MAIN ENTRY--PERSONAL NAME
Personal name Martínez Marín, Rubén
100 ## - MAIN ENTRY--PERSONAL NAME
Personal name Ojeda Manrique, Juan Carlos
100 ## - MAIN ENTRY--PERSONAL NAME
Personal name Sánchez Sobrino, José Antonio [et al.]
245 #0 - TITLE STATEMENT
Title Formulario Técnico de Geodesia y Topografía con problemas resueltos 1
250 ## - EDITION STATEMENT
Edition statement 2a ed.
260 ## - PUBLICATION, DISTRIBUTION, ETC.
Place of publication, distribution, etc. Madrid
260 ## - PUBLICATION, DISTRIBUTION, ETC.
Name of publisher, distributor, etc. Bellisco Ediciones Técnicas y Científicas
260 ## - PUBLICATION, DISTRIBUTION, ETC.
Date of publication, distribution, etc. 2004
300 ## - PHYSICAL DESCRIPTION
Extent 329 p.
300 ## - PHYSICAL DESCRIPTION
Other physical details tbl., graf.
490 ## - SERIES STATEMENT
Series statement FORMULARIOS TÉCNICOS Y CIENTÍFICOS. Ejercicios y Problemas Resueltos 1
500 ## - GENERAL NOTE
General note 2 ejemplares. Tomo 1
650 ## - SUBJECT ADDED ENTRY--TOPICAL TERM
Topical term or geographic name entry element ASTRONOMIA DE POSICION
650 ## - SUBJECT ADDED ENTRY--TOPICAL TERM
Topical term or geographic name entry element FOTOGRAMETRIA
650 ## - SUBJECT ADDED ENTRY--TOPICAL TERM
Topical term or geographic name entry element GEODESIA
650 ## - SUBJECT ADDED ENTRY--TOPICAL TERM
Topical term or geographic name entry element TOPOGRAFIA
942 ## - ADDED ENTRY ELEMENTS (KOHA)
Koha item type Libros
Existencias
Fecha de la última vez que lo usaron Pago total Signatura topográfica completa Código de barras Precio efectivo desde Tipo de documento Estado perdido Estado dañado No es para préstamo Retirado Ubicación permanente Ubicación actual Fecha de adquisición Número de ejemplar
15/05/2020   528.86/M26 Bib-Lima15050590 15/05/2020 Libros         Biblioteca Central Lima Biblioteca Central Lima 15/05/2020  
15/05/2020   528.86/M26 Bib-Lima16050590 15/05/2020 Libros         Biblioteca Central Lima Biblioteca Central Lima 15/05/2020 Ej.2